00744nam a2200157 a 4500008004100000020001800041050001600059100001900075245005000094260005600144300001600200650004300216995017500259999001700434952013500451151208s2005 ||||||||||||||||| || u a9788180615450 aR 834.5 Ini aInian, Anbin R10aTips and tricks for plab 1cBy Anbin R. Inian aNew DelhibJaypee Brothers Medical publishersc2005 axiv, 160p.: aMEDICINE--EXAMINATIONS, QUESTIONS, ETC aMEDICAL LIBRARY OPEN ACCESSe903231FCBU-SCHOOL OF MEDICINE LIBRARY (Ndola)I2.50jR 834.5 IniM1UAVAILABLEWDec 16, 2015y903231ZMedical Library Open Access Collection c32914d32914 00102lcc4070a002b002cMedical Library Open Access Collectiond2022-11-30l0oR 834.5 Inip903231r2022-11-30w2022-11-30y002